[Event "SRB-chT (Women)"]
[Site "Kragujevac"]
[Date "2016.09.29"]
[Round "8.4"]
[White "Serefidou, Despina"]
[Black "Stojanovic, Nadezda"]
[Result "1/2-1/2"]
[WhiteElo "1953"]
[BlackElo "2008"]
[PlyCount "90"]
[EventDate "2016.09.22"]
[EventType "team-tourn"]
[EventRounds "11"]
[EventCountry "SRB"]
[SourceTitle "CBM 174 Extra"]
[Source "ChessBase"]
[SourceDate "2016.10.10"]
[SourceVersion "1"]
[SourceVersionDate "2016.10.10"]
[SourceQuality "1"]
[WhiteTeam "Lestane (W)"]
[BlackTeam "Cuprija Radnicki (W)"]
[WhiteTeamCountry "SRB"]
[BlackTeamCountry "SRB"]

1. e4 e5 2. Nf3 Nf6 3. Nc3 Nc6 4. d4 exd4 5. Nxd4 Bb4 6. Nxc6 bxc6 7. Bd3 0-0 8. 0-0 d5 9. exd5 cxd5 10. h3 c6 11. Qf3 Rb8 12. Bf4 Bd6 13. b3 Rb4 14. Bxd6 Qxd6 15. Ne2 c5 16. c3 Rb6 17. Rad1 Bb7 18. Ng3 g6 19. Rfe1 Qc7 20. Qe3 Re6 21. Qg5 Ne4 22. Nxe4 dxe4 23. Bc4 Re5 24. Qf6 Qe7 25. Qxe7 Rxe7 26. Bd5 Bxd5 27. Rxd5 Rc8 28. g4 Kf8 29. Kg2 h6 30. Kg3 g5 31. c4 Rc6 32. Re3 Ra6 33. Rd2 h5 34. f3 h4+ 35. Kf2 Rf6 36. Rd5 Rxf3+ 37. Rxf3 exf3 38. Kxf3 Re1 39. Rxg5 Rf1+ 40. Kg2 Ra1 41. Rxc5 Rxa2+ 42. Kg1 Ra1+ 43. Kf2 Ra2+ 44. Kg1 Ra1+ 45. Kf2 Ra2+ 1/2-1/2

[Event "SRB-chT (Women)"]
[Site "Kragujevac"]
[Date "2016.09.27"]
[Round "6.3"]
[White "Stojanovic, Nadezda"]
[Black "Milivojevic, Jelena"]
[Result "1/2-1/2"]
[WhiteElo "2008"]
[BlackElo "1916"]
[PlyCount "92"]
[EventDate "2016.09.22"]
[EventType "team-tourn"]
[EventRounds "11"]
[EventCountry "SRB"]
[SourceTitle "CBM 174 Extra"]
[Source "ChessBase"]
[SourceDate "2016.10.10"]
[SourceVersion "1"]
[SourceVersionDate "2016.10.10"]
[SourceQuality "1"]
[WhiteTeam "Cuprija Radnicki (W)"]
[BlackTeam "Novi Sad (W)"]
[WhiteTeamCountry "SRB"]
[BlackTeamCountry "SRB"]

1. c4 e5 2. Nc3 d6 3. g3 g6 4. Bg2 Bg7 5. e4 Nf6 6. Nge2 Nc6 7. d3 h6 8. 0-0 0-0 9. h3 a5 10. Be3 Kh7 11. f4 exf4 12. gxf4 Nh5 13. Kh2 f5 14. Ng3 Nxg3 15. Kxg3 Nd4 16. Ne2 Nxe2+ 17. Qxe2 c5 18. Rad1 Qb6 19. Rd2 a4 20. h4 Rg8 21. Rh1 Bd4 22. Bxd4 cxd4 23. Kf2 Ra5 24. Bf3 Qc7 25. b4 axb3 26. axb3 b5 27. b4 Ra4 28. cxb5 Rxb4 29. Rc2 Qe7 30. Rb2 Ra4 31. b6 Bb7 32. Qc2 Ra3 33. Qc7 Re8 34. Re1 Rxd3 35. Qxe7+ Rxe7 36. Rc2 Rg7 37. Be2 Rc3 38. Rxc3 dxc3 39. Rc1 Bxe4 40. Rxc3 Rb7 41. Rb3 g5 42. hxg5 hxg5 43. Ba6 Rb8 44. fxg5 Kg6 45. b7 Kxg5 46. Rb6 Kf6 1/2-1/2

[Event "Belgrade Trophy 23rd"]
[Site "Obrenovac"]
[Date "2010.11.30"]
[Round "7"]
[White "Stojanovic, Nadezda"]
[Black "Ugrenovic, Aleksandar"]
[Result "1-0"]
[WhiteElo "2027"]
[BlackElo "1887"]
[PlyCount "67"]
[EventDate "2010.11.24"]
[EventType "swiss"]
[EventRounds "9"]
[EventCountry "YUG"]
[SourceTitle "CBM 139 Extra"]
[Source "ChessBase"]
[SourceDate "2011.01.05"]
[SourceVersion "1"]
[SourceVersionDate "2011.01.05"]
[SourceQuality "1"]

1. e4 g6 2. d4 Bg7 3. Nc3 d6 4. Be3 Nf6 5. f3 h6 6. Qd2 Nc6 7. 0-0-0 a6 8. g4 Nd7 9. f4 e5 10. dxe5 dxe5 11. f5 Nd4 12. fxg6 fxg6 13. Qg2 0-0 14. Bc4+ Kh7 15. Nce2 Nb6 16. Bb3 Nxb3+ 17. cxb3 Qf6 18. Kb1 Qe6 19. h3 a5 20. g5 h5 21. Nc3 Bd7 22. Nge2 a4 23. Bxb6 cxb6 24. bxa4 Bxa4 25. Nxa4 Rxa4 26. Nc3 Rd4 27. Nd5 Kh8 28. Rc1 Qd6 29. Rhf1 Rxf1 30. Qxf1 Rxe4 31. Rc8+ Kh7 32. Qf7 Re1+ 33. Kc2 Re2+ 34. Kd1 1-0

[Event "Belgrade Trophy 23rd"]
[Site "Obrenovac"]
[Date "2010.11.26"]
[Round "3"]
[White "Stojanovic, Nadezda"]
[Black "Maljevic, Aleksa"]
[Result "1-0"]
[WhiteElo "2027"]
[BlackElo "1673"]
[PlyCount "49"]
[EventDate "2010.11.24"]
[EventType "swiss"]
[EventRounds "9"]
[EventCountry "YUG"]
[SourceTitle "CBM 139 Extra"]
[Source "ChessBase"]
[SourceDate "2011.01.05"]
[SourceVersion "1"]
[SourceVersionDate "2011.01.05"]
[SourceQuality "1"]

1. e4 c5 2. Nf3 Nc6 3. d4 cxd4 4. Nxd4 Nf6 5. Nc3 d6 6. Bc4 e6 7. Be3 Be7 8. f4 Nxd4 9. Bxd4 a6 10. Qf3 e5 11. fxe5 dxe5 12. Bxe5 Bg4 13. Qf4 Rc8 14. Bb3 Qb6 15. Bxf6 Bxf6 16. Qxg4 Rxc3 17. bxc3 Bxc3+ 18. Ke2 Bxa1 19. Rxa1 0-0 20. Rf1 Qb5+ 21. Kf2 Qc5+ 22. Kg3 Qe5+ 23. Kh3 Qc3+ 24. Rf3 Qe5 25. Rxf7 1-0

[Event "Belgrade Trophy 23rd"]
[Site "Obrenovac"]
[Date "2010.11.25"]
[Round "2"]
[White "Kovacevic, Marko D"]
[Black "Stojanovic, Nadezda"]
[Result "1-0"]
[WhiteElo "1779"]
[BlackElo "2027"]
[PlyCount "63"]
[EventDate "2010.11.24"]
[EventType "swiss"]
[EventRounds "9"]
[EventCountry "YUG"]
[SourceTitle "CBM 139 Extra"]
[Source "ChessBase"]
[SourceDate "2011.01.05"]
[SourceVersion "1"]
[SourceVersionDate "2011.01.05"]
[SourceQuality "1"]

1. d4 Nf6 2. Nf3 c5 3. d5 d6 4. Nc3 g6 5. e4 Bg7 6. Bb5+ Nfd7 7. a4 a6 8. Be2 b6 9. Bf4 0-0 10. 0-0 Nf6 11. Re1 Nh5 12. Be3 e5 13. Nd2 Nf4 14. Nc4 Nxe2+ 15. Qxe2 f5 16. f4 Ra7 17. Qd2 g5 18. g3 gxf4 19. gxf4 fxe4 20. Nxe4 exf4 21. Bxf4 Bd4+ 22. Be3 Rg7+ 23. Ng3 Qh4 24. Bxd4 cxd4 25. Rf1 Bh3 26. Rxf8+ Kxf8 27. Qf2+ Rf7 28. Qe2 Qf4 29. Re1 Bg4 30. Qe8+ Kg7 31. Rf1 Bf3 32. Nh5+ 1-0

[Event "Belgrade Trophy 23rd"]
[Site "Obrenovac"]
[Date "2010.11.24"]
[Round "1"]
[White "Stojanovic, Nadezda"]
[Black "Blagojevic, Dragisa"]
[Result "0-1"]
[WhiteElo "2027"]
[BlackElo "2482"]
[PlyCount "70"]
[EventDate "2010.11.24"]
[EventType "swiss"]
[EventRounds "9"]
[EventCountry "YUG"]
[SourceTitle "CBM 139 Extra"]
[Source "ChessBase"]
[SourceDate "2011.01.05"]
[SourceVersion "1"]
[SourceVersionDate "2011.01.05"]
[SourceQuality "1"]

1. e4 e5 2. Nf3 Nc6 3. Bc4 Bc5 4. c3 Nf6 5. d3 a6 6. Bb3 Ba7 7. 0-0 0-0 8. Nbd2 d6 9. h3 Ne7 10. Re1 Ng6 11. Nf1 Nh5 12. Be3 Nhf4 13. d4 Qf6 14. Ng3 h6 15. Bc2 Re8 16. Nf5 exd4 17. cxd4 d5 18. e5 Qd8 19. Qd2 Bxf5 20. Bxf5 Ne6 21. Rac1 Qe7 22. Qc2 Ngf8 23. Qd2 Bb6 24. a3 a5 25. b3 Qxa3 26. Nh2 Qb4 27. Qe2 Nxd4 28. Bxd4 Qxd4 29. Ng4 Qf4 30. Bb1 c6 31. Rc3 h5 32. Rf3 Qg5 33. Ne3 Rxe5 34. Rg3 Qxg3 35. fxg3 Rxe3 0-1

[Event "SRB-chT (Women)"]
[Site "Novi Sad"]
[Date "2010.08.31"]
[Round "9"]
[White "Stojanovic, Nadezda"]
[Black "Vuckovic, Jovana"]
[Result "1/2-1/2"]
[WhiteElo "2046"]
[BlackElo "1858"]
[PlyCount "48"]
[EventDate "2010.08.23"]
[EventType "team-tourn"]
[EventRounds "11"]
[EventCountry "YUG"]
[SourceTitle "CBM 138 Extra"]
[Source "ChessBase"]
[SourceDate "2010.10.29"]
[SourceVersion "1"]
[SourceVersionDate "2010.10.29"]
[SourceQuality "1"]

1. e4 c5 2. Nf3 Nc6 3. d4 cxd4 4. Nxd4 g6 5. c4 Bg7 6. Nc2 Nf6 7. Nc3 0-0 8. Be2 d6 9. 0-0 b6 10. Bd2 Bb7 11. Rc1 Rc8 12. f3 Nd7 13. Kh1 Nc5 14. b4 Ne6 15. Nd5 Ncd4 16. Nxd4 Nxd4 17. Bg5 Bxd5 18. exd5 Qd7 19. Re1 Rfe8 20. Be3 Nxe2 21. Rxe2 Qf5 22. Bd4 Bh6 23. Be3 Bg7 24. Bd4 Bh6 1/2-1/2

[Event "Belgrade Trophy 19th"]
[Site "Belgrade"]
[Date "2006.11.24"]
[Round "3"]
[White "Pancevski, Filip"]
[Black "Stojanovic, Nadezda"]
[Result "1-0"]
[WhiteElo "2333"]
[BlackElo "2052"]
[PlyCount "61"]
[EventDate "2006.11.22"]
[EventType "swiss"]
[EventRounds "9"]
[EventCountry "YUG"]
[SourceTitle "CBM 115 Extra"]
[Source "ChessBase"]
[SourceDate "2007.01.10"]
[SourceVersion "1"]
[SourceVersionDate "2007.01.10"]
[SourceQuality "1"]

1. e4 c5 2. Nf3 Nc6 3. d4 cxd4 4. Nxd4 g6 5. c4 Bg7 6. Be3 Nf6 7. Nc3 d6 8. Be2 Bd7 9. 0-0 Nxd4 10. Bxd4 Bc6 11. f3 0-0 12. Qd2 a5 13. b3 Nd7 14. Be3 Nc5 15. Rab1 Qb6 16. Rfc1 Rfc8 17. Rc2 Qd8 18. a3 Ne6 19. Bf1 Qf8 20. Kh1 h6 21. b4 axb4 22. axb4 Ra3 23. b5 Bd7 24. Nd5 Rca8 25. Nb6 Ra1 26. Rcc1 R1a2 27. Qd5 R8a3 28. Nxd7 Qd8 29. Qxb7 Rxe3 30. b6 Bd4 31. Qc6 1-0

[Event "SCG-chT (Women)"]
[Site "Budva"]
[Date "2004.09.18"]
[Round "10.1"]
[White "Foisor, Cristina Adela B"]
[Black "Stojanovic, Nadezda"]
[Result "1-0"]
[WhiteElo "2438"]
[BlackElo "2061"]
[PlyCount "83"]
[EventDate "2004.09.08"]
[EventType "team-tourn"]
[EventRounds "11"]
[EventCountry "YUG"]
[SourceTitle "CBM 102 Extra"]
[Source "ChessBase"]
[SourceDate "2004.11.03"]
[SourceVersion "1"]
[SourceVersionDate "2004.11.03"]
[SourceQuality "1"]
[WhiteTeam "09"]
[BlackTeam "10"]
[WhiteTeamCountry "YUG"]
[BlackTeamCountry "YUG"]

1. c4 e5 2. g3 g6 3. d4 Bg7 4. dxe5 Bxe5 5. Nf3 Bg7 6. Bg2 Ne7 7. 0-0 0-0 8. Nc3 d6 9. Bg5 h6 10. Bd2 Be6 11. Qc1 Kh7 12. b3 d5 13. cxd5 Nxd5 14. Rd1 c6 15. e4 Nxc3 16. Bxc3 Qc8 17. Bxg7 Kxg7 18. Qc3+ Kh7 19. Rd3 c5 20. Rc1 Na6 21. h4 Qc7 22. Bf1 Rac8 23. Rd2 Nb8 24. Ne5 Nd7 25. Nxd7 Bxd7 26. h5 b6 27. Qf6 Qd8 28. Qxd8 Rfxd8 29. Rcd1 Rc7 30. hxg6+ Kxg6 31. Bb5 Bxb5 32. Rxd8 c4 33. bxc4 Rxc4 34. R8d4 Rc2 35. R1d2 Rc1+ 36. Kg2 Bc6 37. f3 Bb5 38. g4 Bc4 39. Kg3 b5 40. Rd6+ Kg7 41. Ra6 Rg1+ 42. Kf4 1-0

[Event "SCG-chT (Women)"]
[Site "Budva"]
[Date "2004.09.13"]
[Round "6.1"]
[White "Stojanovic, Nadezda"]
[Black "Bojkovic, Natasa"]
[Result "0-1"]
[WhiteElo "2061"]
[BlackElo "2393"]
[PlyCount "88"]
[EventDate "2004.09.08"]
[EventType "team-tourn"]
[EventRounds "11"]
[EventCountry "YUG"]
[SourceTitle "CBM 102 Extra"]
[Source "ChessBase"]
[SourceDate "2004.11.03"]
[SourceVersion "1"]
[SourceVersionDate "2004.11.03"]
[SourceQuality "1"]
[WhiteTeam "10"]
[BlackTeam "01"]
[WhiteTeamCountry "YUG"]
[BlackTeamCountry "YUG"]

1. e4 c5 2. Nf3 e6 3. d4 cxd4 4. Nxd4 a6 5. Nc3 Qc7 6. Bd3 Nf6 7. Be3 d6 8. 0-0 Nbd7 9. f4 Nc5 10. Nb3 b6 11. Qe2 Bb7 12. Bd2 Be7 13. Rae1 b5 14. a3 g6 15. Kh1 Rd8 16. e5 Nh5 17. Nxc5 dxc5 18. Be4 b4 19. Nb1 0-0 20. Bxb7 Qxb7 21. Qe4 Qb8 22. axb4 cxb4 23. Be3 Qb5 24. Nd2 a5 25. b3 a4 26. bxa4 Qxa4 27. Nb3 Qb5 28. g4 Ng7 29. Ra1 Rd7 30. Kg2 Qe2+ 31. Kh3 h5 32. gxh5 Qxh5+ 33. Kg2 Nf5 34. Bf2 Rc8 35. Ra8 Rdc7 36. Rxc8+ Rxc8 37. Kh1 Bh4 38. Bxh4 Qxh4 39. Rf3 Kg7 40. Nd2 Rd8 41. Nf1 Rd1 42. Qe2 Rb1 43. Qg2 Qd8 44. Rd3 Qxd3 0-1

[Event "SCG-chT (Women)"]
[Site "Budva"]
[Date "2004.09.10"]
[Round "3.1"]
[White "Jovanovic, Mirjana"]
[Black "Stojanovic, Nadezda"]
[Result "1/2-1/2"]
[WhiteElo "2057"]
[BlackElo "2061"]
[PlyCount "24"]
[EventDate "2004.09.08"]
[EventType "team-tourn"]
[EventRounds "11"]
[EventCountry "YUG"]
[SourceTitle "CBM 102 Extra"]
[Source "ChessBase"]
[SourceDate "2004.11.03"]
[SourceVersion "1"]
[SourceVersionDate "2004.11.03"]
[SourceQuality "1"]
[WhiteTeam "11"]
[BlackTeam "10"]
[WhiteTeamCountry "YUG"]
[BlackTeamCountry "YUG"]

1. e4 c5 2. Nf3 Nc6 3. Bb5 g6 4. Bxc6 dxc6 5. d3 Bg7 6. 0-0 b6 7. Nc3 Nh6 8. Bg5 f6 9. Bd2 e5 10. h3 0-0 11. Nh2 Nf7 12. Qe2 Be6 1/2-1/2

[Event "SCG-chT (Women)"]
[Site "Budva"]
[Date "2003.??.??"]
[Round "3.32"]
[White "Alexandrova, Olga"]
[Black "Stojanovic, Nadezda"]
[Result "1-0"]
[WhiteElo "2437"]
[BlackElo "2053"]
[PlyCount "67"]
[EventDate "2003.09.??"]
[EventType "team-tourn"]
[EventRounds "11"]
[EventCountry "YUG"]
[SourceTitle "CBM 096 Extra"]
[Source "ChessBase"]
[SourceDate "2003.10.22"]
[SourceVersion "2"]
[SourceVersionDate "2003.10.20"]
[SourceQuality "1"]

1. d4 Nf6 2. c4 e6 3. Nf3 b6 4. e3 Bb7 5. Bd3 c5 6. Nc3 Be7 7. 0-0 d6 8. d5 exd5 9. cxd5 Nbd7 10. e4 a6 11. a4 0-0 12. h3 h6 13. Bf4 Re8 14. Re1 Nh7 15. Bh2 Qc7 16. Nd2 Ne5 17. Bf1 Bf6 18. f4 Ng6 19. Nc4 Bxc3 20. bxc3 b5 21. Nd2 b4 22. a5 bxc3 23. Nc4 Nf6 24. Bd3 Rab8 25. f5 Ne5 26. Bxe5 dxe5 27. Qc2 Nxd5 28. exd5 Bxd5 29. Qxc3 e4 30. Bf1 Qe7 31. Ne3 Bb7 32. Rac1 Rbc8 33. Bc4 Red8 34. Rcd1 1-0

[Event "SCG-chT (Women)"]
[Site "Budva"]
[Date "2003.??.??"]
[Round "8.52"]
[White "Stojanovic, Nadezda"]
[Black "Marcetic, Marija"]
[Result "0-1"]
[WhiteElo "2053"]
[BlackElo "2261"]
[PlyCount "84"]
[EventDate "2003.09.??"]
[EventType "team-tourn"]
[EventRounds "11"]
[EventCountry "YUG"]
[SourceTitle "CBM 096 Extra"]
[Source "ChessBase"]
[SourceDate "2003.10.22"]
[SourceVersion "2"]
[SourceVersionDate "2003.10.20"]
[SourceQuality "1"]

1. e4 c5 2. Nf3 e6 3. d4 cxd4 4. Nxd4 a6 5. Nc3 b5 6. a3 Qb6 7. Be3 Bc5 8. b4 Bf8 9. g3 Bb7 10. Bg2 Qc7 11. Qd3 Nc6 12. f4 Nf6 13. h3 Nxd4 14. Bxd4 Rc8 15. Rc1 d6 16. Ne2 Be7 17. 0-0 e5 18. Bb2 0-0 19. g4 Qb6+ 20. Kh2 Rc4 21. Ng3 Rd8 22. g5 Ne8 23. Nf5 Bf8 24. Ne3 Rcc8 25. Nd5 Bxd5 26. exd5 Be7 27. fxe5 dxe5 28. Qf5 Qg6 29. Bxe5 Bxg5 30. Qxg6 hxg6 31. Bf4 Bxf4+ 32. Rxf4 Nd6 33. a4 Re8 34. Bf1 Rc3 35. Bd3 bxa4 36. Bxa6 Ree3 37. b5 a3 38. Ra4 Rxh3+ 39. Kg2 Nf5 40. Rf1 Rhg3+ 41. Kf2 Rxc2+ 42. Ke1 Rb3 0-1

[Event "Serbia-ch (Women)"]
[Site "Leskovac"]
[Date "2002.02.17"]
[Round "3"]
[White "Stojanovic, Nadezda"]
[Black "Mladenovic, Jelena"]
[Result "0-1"]
[WhiteElo "2075"]
[BlackElo "2122"]
[PlyCount "66"]
[EventDate "2002.02.15"]
[EventType "swiss"]
[EventRounds "9"]
[EventCountry "YUG"]
[SourceTitle "CBM 086 Extra"]
[Source "ChessBase"]
[SourceDate "2002.03.14"]
[SourceVersion "1"]
[SourceVersionDate "2002.03.14"]
[SourceQuality "1"]

1. e4 c5 2. Nf3 Nc6 3. d4 cxd4 4. Nxd4 e6 5. Nc3 Qc7 6. Be2 Nf6 7. 0-0 a6 8. Kh1 Be7 9. f4 d6 10. a4 0-0 11. Be3 Nxd4 12. Bxd4 e5 13. Be3 b6 14. fxe5 dxe5 15. Bg5 Rd8 16. Qe1 Ng4 17. Bxg4 Bxg5 18. Bxc8 Raxc8 19. Rd1 Qc4 20. Qg3 Bf4 21. Qg4 Kh8 22. Qh4 f6 23. Nd5 Qxe4 24. Nxf6 Rxd1 25. Rxd1 Qxc2 26. Rf1 gxf6 27. Qxf6+ Kg8 28. Qe6+ Kg7 29. Qe7+ Kh6 30. Qe6+ Kh5 31. h3 Qc6 32. Qf5+ Kh6 33. Rd1 Rg8 0-1

[Event "YUG-ch U18 Girls 28th"]
[Site "Obrenovac"]
[Date "2002.01.15"]
[Round "6"]
[White "Stojanovic, Andjelija"]
[Black "Stojanovic, Nadezda"]
[Result "0-1"]
[WhiteElo "2101"]
[BlackElo "2075"]
[PlyCount "120"]
[EventDate "2002.01.09"]
[EventType "tourn"]
[EventRounds "13"]
[EventCountry "YUG"]
[SourceTitle "CBM 086 Extra"]
[Source "ChessBase"]
[SourceDate "2002.03.14"]
[SourceVersion "1"]
[SourceVersionDate "2002.03.14"]
[SourceQuality "1"]

1. e4 c5 2. Nf3 Nc6 3. Bb5 g6 4. 0-0 Bg7 5. c3 Nf6 6. Re1 0-0 7. d4 cxd4 8. cxd4 d5 9. e5 Ne4 10. Bxc6 bxc6 11. Nc3 Nxc3 12. bxc3 Qa5 13. Qb3 Bg4 14. Qa3 Qc7 15. Bg5 Rfe8 16. Rab1 Bf8 17. Qa6 Rab8 18. e6 Bxe6 19. Ne5 Rb6 20. Rxb6 axb6 21. Bf4 Bc8 22. Qa8 Qb7 23. Qxb7 Bxb7 24. Rb1 b5 25. a4 Ra8 26. axb5 cxb5 27. h3 Ra5 28. Nd7 Bc6 29. Nxf8 Kxf8 30. Bc7 Ra3 31. Rc1 Ra6 32. Rb1 Ke8 33. Rb3 Kd7 34. Be5 f6 35. Bf4 Ra4 36. Kh2 e5 37. Be3 Kd6 38. g3 Bd7 39. Kg2 Kc6 40. g4 h5 41. gxh5 gxh5 42. Rb4 Ra3 43. dxe5 fxe5 44. Rh4 Be8 45. Bd2 Ra2 46. Be1 Bg6 47. Rb4 Re2 48. Kf1 Bd3 49. f4 Rb2+ 50. Kg1 Rxb4 51. cxb4 exf4 52. Bc3 Kd6 53. Kf2 Be4 54. Bd4 Ke6 55. h4 Kf5 56. Bc3 Bc2 57. Kf3 Bd1+ 58. Kf2 Ke4 59. Ke1 Bg4 60. Kf2 Kd3 0-1

[Event "YUG-ch U18 Girls 28th"]
[Site "Obrenovac"]
[Date "2002.01.12"]
[Round "4"]
[White "Stojanovic, Marija R"]
[Black "Stojanovic, Nadezda"]
[Result "0-1"]
[WhiteElo "2012"]
[BlackElo "2075"]
[PlyCount "54"]
[EventDate "2002.01.09"]
[EventType "tourn"]
[EventRounds "13"]
[EventCountry "YUG"]
[SourceTitle "CBM 086 Extra"]
[Source "ChessBase"]
[SourceDate "2002.03.14"]
[SourceVersion "1"]
[SourceVersionDate "2002.03.14"]
[SourceQuality "1"]

1. e4 c5 2. Nf3 Nc6 3. d4 cxd4 4. Nxd4 g6 5. Nc3 Bg7 6. Be3 Nf6 7. f3 0-0 8. Bc4 Qb6 9. Bb3 Nxe4 10. Nd5 Qa5+ 11. c3 Nf6 12. Nxc6 dxc6 13. Nxe7+ Kh8 14. Nxc8 Raxc8 15. 0-0 Rcd8 16. Qc1 Nd5 17. Bh6 Qc5+ 18. Kh1 Rfe8 19. Bxd5 Qxd5 20. Bxg7+ Kxg7 21. Qc2 Qd2 22. Qb3 Re2 23. Rad1 Qg5 24. Rg1 Rxd1 25. Qxd1 Rxb2 26. Qd4+ Qf6 27. Qxa7 Qxc3 0-1

[Event "YUG-ch U18 Girls 28th"]
[Site "Obrenovac"]
[Date "2002.01.09"]
[Round "1"]
[White "Babic, Marijana"]
[Black "Stojanovic, Nadezda"]
[Result "1-0"]
[WhiteElo "2141"]
[BlackElo "2075"]
[PlyCount "92"]
[EventDate "2002.01.09"]
[EventType "tourn"]
[EventRounds "13"]
[EventCountry "YUG"]
[SourceTitle "CBM 086 Extra"]
[Source "ChessBase"]
[SourceDate "2002.03.14"]
[SourceVersion "1"]
[SourceVersionDate "2002.03.14"]
[SourceQuality "1"]

1. e4 c5 2. Nf3 e6 3. d3 Nc6 4. g3 d5 5. Nbd2 Nf6 6. Bg2 Be7 7. 0-0 0-0 8. Re1 Kh8 9. c3 b5 10. e5 Ng8 11. h4 Bd7 12. Nf1 Rb8 13. Bf4 b4 14. c4 Rb6 15. Ne3 d4 16. Ng4 f5 17. exf6 gxf6 18. Nh6 Qe8 19. Nh2 Nxh6 20. Bxh6 Rg8 21. Bf4 Nd8 22. Bf3 Bd6 23. Bxd6 Rxd6 24. Ng4 Qg6 25. Nh2 Bc6 26. Qd2 Bxf3 27. Nxf3 e5 28. Kh2 Ne6 29. Re4 Qh5 30. Qe2 Rd7 31. Ng1 Qxe2 32. Rxe2 Ng7 33. Nf3 Nh5 34. Nd2 Kg7 35. a3 Rb8 36. Ne4 bxa3 37. Rxa3 Rc7 38. Ra5 Rbc8 39. Nd6 Ra8 40. Re1 Rd7 41. Ne4 Rb7 42. Rb1 Rab8 43. Nxc5 Rxb2 44. Rxa7+ Kg6 45. Rxb2 Rxb2 46. Kg2 Ng7 1-0

[Event "YUG-ch (Women)"]
[Site "Budva"]
[Date "2002.??.??"]
[Round "?"]
[White "Stankovic, Marija"]
[Black "Stojanovic, Nadezda"]
[Result "1-0"]
[WhiteElo "2275"]
[BlackElo "2100"]
[PlyCount "66"]
[EventDate "2002.08.??"]
[EventType "team-tourn"]
[EventRounds "9"]
[EventCountry "YUG"]
[SourceTitle "EXT 2003"]
[Source "ChessBase"]
[SourceDate "2002.11.25"]
[SourceVersion "1"]
[SourceVersionDate "2002.11.25"]
[SourceQuality "1"]

1. e4 c5 2. Nf3 Nc6 3. d4 cxd4 4. Nxd4 g6 5. Nc3 Bg7 6. Be3 Nf6 7. Bc4 Qa5 8. 0-0 0-0 9. Bb3 d6 10. h3 Bd7 11. f4 Qh5 12. Nf3 b5 13. a3 a5 14. Qd3 a4 15. Bd5 Nxd5 16. exd5 Na5 17. Nxb5 Bxb2 18. Rab1 Bxb5 19. Qxb5 Rfb8 20. Bb6 Bxa3 21. Qxa4 Qxd5 22. Bxa5 Rxb1 23. Rxb1 Rxa5 24. Qe8+ Kg7 25. Rb8 Kf6 26. Qh8+ Kf5 27. Qxh7 Bc5+ 28. Kh2 Qc4 29. Rf8 f6 30. Qxe7 Bd4 31. Nh4+ Kxf4 32. g3+ Kg5 33. Nf3+ Kf5 1-0

[Event "YUG-ch (Women)"]
[Site "Budva"]
[Date "2002.??.??"]
[Round "?"]
[White "Stojanovic, Nadezda"]
[Black "Grujic, Danijela"]
[Result "1/2-1/2"]
[WhiteElo "2100"]
[BlackElo "2180"]
[PlyCount "133"]
[EventDate "2002.08.??"]
[EventType "team-tourn"]
[EventRounds "9"]
[EventCountry "YUG"]
[SourceTitle "EXT 2003"]
[Source "ChessBase"]
[SourceDate "2002.11.25"]
[SourceVersion "1"]
[SourceVersionDate "2002.11.25"]
[SourceQuality "1"]

1. e4 c5 2. Nf3 Nc6 3. d4 cxd4 4. Nxd4 g6 5. c4 Bg7 6. Be3 Nf6 7. Nc3 Ng4 8. Qxg4 Nxd4 9. Qd1 Ne6 10. Qd2 Qa5 11. Rc1 b6 12. Be2 Bb7 13. f3 g5 14. 0-0 h5 15. Rfd1 d6 16. a3 Qe5 17. Nd5 Kf8 18. Qc3 Qxc3 19. Nxc3 Be5 20. b4 g4 21. Nd5 gxf3 22. Bxf3 Rc8 23. a4 h4 24. Rd2 Rg8 25. Bh6+ Ke8 26. Kh1 Ng5 27. Rf2 e6 28. Bxg5 Rxg5 29. Ne3 Bd4 30. Re2 Re5 31. g3 hxg3 32. hxg3 Bxe3 33. Rxe3 d5 34. Be2 d4 35. Ra3 Bxe4+ 36. Bf3 f5 37. Kg2 Ke7 38. Kf2 a5 39. bxa5 Rxa5 40. g4 Bxf3 41. Kxf3 fxg4+ 42. Ke4 e5 43. Rb3 Rf8 44. Rxb6 Rf4+ 45. Kd3 Rxa4 46. c5 e4+ 47. Kc2 Rc4+ 48. Kb1 Rxc1+ 49. Kxc1 g3 50. Rg6 Rf1+ 51. Kd2 e3+ 52. Kd3 Rd1+ 53. Ke2 Rd2+ 54. Ke1 g2 55. c6 Kd8 56. c7+ Kc8 57. Rg8+ Kxc7 58. Rc8+ Kd6 59. Rc6+ Ke5 60. Rc5+ Ke4 61. Re5+ Kf4 62. Re4+ Kg3 63. Rg4+ Kf3 64. Rf4+ Kg3 65. Rg4+ Kh2 66. Rh4+ Kg3 67. Rg4+ 1/2-1/2